000 01211pab a2200181 454500
008 180718b2006 xxu||||| |||| 00| 0 eng d
100 _aSrivastava, D. K.
245 _aFRBM act and 11th plan approach paper
260 _c2006
300 _ap.4553-559.
362 _a4 Nov
520 _aThis article argues that the time phasing problem highlighted in the approach paper to the Eleventh Plan is the outocome of specific assumptions used in the projections, which are not always justified. following the fiscal correction path releases resources for the revenue plan through falling interest payments and increases capital expenditure by allowing the permissible fiscal deficit to be fully used for that purpose. It gives the required balance in resources available for revenue plan and capital plan. The profiles of saving and investment make a growth rate of 8.5 to 9 percent achievable with in the plan period. This would be possible by adhering to the fiscal responsibility targets and not by compromising on them. - Reproduced.
650 _aEleventh five year plan
650 _aEconomic planning - India
650 _aEconomic planning
773 _aEconomic and Political Weekly
909 _a72114
999 _c72114
_d72114